Construction companion to inspecting works (Record no. 103091)

MARC details
000 -LEADER
fixed length control field 01068cam a2200277 4500
008 - FIXED-LENGTH DATA ELEMENTS--GENERAL INFORMATION
fixed length control field 030922n2003 000 0 eng u
020 ## - INTERNATIONAL STANDARD BOOK NUMBER
International Standard Book Number 1859460984
035 ## - SYSTEM CONTROL NUMBER
System control number (Sirsi) u123681
041 ## - LANGUAGE CODE
Language code of text/sound track or separate title eng
050 ## - LIBRARY OF CONGRESS CALL NUMBER
Classification number 690.2
-- 18
100 ## - MAIN ENTRY--PERSONAL NAME
Personal name Jamieson, Nicholas
245 ## - TITLE STATEMENT
Title Construction companion to inspecting works
260 ## - PUBLICATION, DISTRIBUTION, ETC.
Place of publication, distribution, etc. London
Name of publisher, distributor, etc. RIBA
Date of publication, distribution, etc. 2003
300 ## - PHYSICAL DESCRIPTION
Extent xi, 140p.
Dimensions 24cm.
350 ## - PRICE (NR) (BK AM CF MU VM SE) [OBSOLETE]
Price 20
490 ## - SERIES STATEMENT
Series statement RIBA Construction Companion Series
520 ## - SUMMARY, ETC.
Summary, etc. This accessible guide gives architects guidance on inspecting building works on site. It sets out the architect's duty to inspect as indicated in various terms of engagement, legal requirements, and how to avoid allegations of negligence. It concludes by explaining the practical aspects of inspecting work on site. Bibliography.
650 ## - SUBJECT ADDED ENTRY--TOPICAL TERM
Topical term or geographic name entry element ARCHITECTS
650 ## - SUBJECT ADDED ENTRY--TOPICAL TERM
Topical term or geographic name entry element SITE INSPECTIONS
650 ## - SUBJECT ADDED ENTRY--TOPICAL TERM
Topical term or geographic name entry element BUILDING SITES
650 ## - SUBJECT ADDED ENTRY--TOPICAL TERM
Topical term or geographic name entry element BUILDING WORKS
650 ## - SUBJECT ADDED ENTRY--TOPICAL TERM
Topical term or geographic name entry element DUTY OF INSPECTION
690 ## - LOCAL SUBJECT ADDED ENTRY--TOPICAL TERM (OCLC, RLIN)
Topical term or geographic name as entry element BUILDING AND CONSTRUCTION-MANAGEMENT
700 ## - ADDED ENTRY--PERSONAL NAME
Personal name Chappell, David
International Standard Serial Number Series Editor
942 ## - ADDED ENTRY ELEMENTS (KOHA)
Suppress in OPAC 0
Holdings
Withdrawn status Lost status Source of classification or shelving scheme Damaged status Not for loan Home library Current library Shelving location Date acquired Cost, normal purchase price Total Checkouts Full call number Barcode Date last seen Date last checked out Copy number Cost, replacement price Price effective from Koha item type
    Other/Generic Classification Scheme     London London Books 06/10/2003 20.00 14 690.2 JAM 30067804 06/08/2019 16/06/2009 1 20.00 06/08/2019 Book